000 00671nam a2200205Ii 4500
003 JO-AjNU
008 230605s9999||||xx |||||||||||||| ||und||
017 _a2009/23969
040 _aJO-AjNU
_bara
_erda
_cJO-AjNU
041 _aara
050 1 4 _aTS155 2010
100 3 _aطاحون، زكريا ,
_eauthor
_944223
245 0 0 _aادارة الانتاج والعمليات بالجودة الشاملة
264 3 1 _aعمان:دار زهران للنشر، 2010
300 _a205ص
336 _atext
_btxt
_2rdacontent
337 _aunmediated
_bn
_2rdamedia
338 _avolume
_bnc
_2rdacarrier
650 4 _aالانتاج والعمليات-ادارة
_944224
999 _aA19077
_c22645
_d22645